000
00329nam a2200133Ia 4500
008
240624s9999 xx 000 0 und d
041
_a
eng
082
_a
335 LO
100
_a
LO VAI LO
245
_a
RISE OF THE BRICS IN THE GLOBAL POLITICA
260
_c
2014
_a
USA
_b
Elgar
300
_a
xviii, 327 P.; 23 cm
365
_c
BPS
_b
33
999
_c
32391
_d
32391